000 00476nam a2200169Ia 4500
003 GCL
008 140319s9999 xx 000 0 eng d
040 _aGCL /
_cGCL
082 0 4 _a153.43
_bM R
100 1 _aMOSER, PAUL, K.(EDIT.)
245 1 0 _aRATIONALTY IN ACTION: CONTEMPORARY APPROACHES /
_cMOSER, PAUL, K.(EDIT.)
700 1 _aMOSER, RAUL K.
260 _a[S.N] :
_bCAMBRIDGE UNIVERSITY PRESS ،
_c1990
300 _a493 P
650 0 4 _aRATIONALITY
942 _2ddc
_cBK
999 _c20807
_d20807